Кн. 7 : Лабораторный практикум; САПР. Системы автоматизированного проектирования

Dades bibliogràfiques
Parent link:САПР. Системы автоматизированного проектирования: учебное пособие/ под ред. И. П. Норенкова. Кн. 7 : Лабораторный практикум.— , 1986
Idioma:rus
Publicat: 1986
Matèries:
Format: MixedMaterials Llibre
KOHA link:https://koha.lib.tpu.ru/cgi-bin/koha/opac-detail.pl?biblionumber=36453

MARC

LEADER 00000nam2a2200000 4500
001 36453
005 20231101210355.0
035 |a (RuTPU)RU\TPU\book\36926 
035 |a BOOK00003578 
090 |a 36453 
100 |a 20011210d1986 m y0rusy50 ca 
101 0 |a rus 
102 |a RU 
105 |a a j 000zy 
200 0 |a Кн. 7 : Лабораторный практикум 
210 |d 1986 
215 |a 143 с.  |c ил. 
461 1 |0 (RuTPU)RU\TPU\book\75910  |t САПР. Системы автоматизированного проектирования  |o учебное пособие  |o в 9 кн.  |f под ред. И. П. Норенкова  |v Кн. 7 : Лабораторный практикум  |d 1986 
606 1 |a САПР система автоматизированного проектирования  |2 stltpush  |3 (RuTPU)RU\TPU\subj\53841  |9 72006 
610 1 |a автоматизированное проектирование 
610 1 |a лабораторные работы 
610 1 |a моделирование 
610 1 |a оптимизация 
610 1 |a допуски 
610 1 |a машинная графика 
610 1 |a учебные пособия 
675 |a 658.512.2.011.56(076)  |v 3 
801 0 |a RU  |b 63413507  |c 20011210  |g PSBO 
801 2 |a RU  |b 63413507  |c 20160419  |g PSBO 
900 |a Системы автоматизированного проектирования технологических процессов 
942 |c BK